Producción de caracoles: bases fisiológicas, sistemas de producción y patología

Gardado en:
Detalles Bibliográficos
Main Authors: Cuéllar Cuéllar, Rafael (Author), Cuéllar Cariñanos, M. Carmen (Author)
Formato: Libro
Idioma:Lingua castelá
Publicado: Madrid Mundi-Prensa 2000
Subjects:
Tags: Engadir etiqueta
Sen Etiquetas, Sexa o primeiro en etiquetar este rexistro!

MARC

LEADER 00000nam a2200000 a 4500
001 UCM8028
003 CL-VaPUC
008 030117e20000000SP |||||||||||||||||spa|d
082 0 4 |a 639.4838  |b CUE  |2 21 
100 0 |a Cuéllar Cuéllar, Rafael  |e author  |9 473875 
700 0 |a Cuéllar Cariñanos, M. Carmen  |e author  |9 473876 
245 1 0 |a Producción de caracoles: bases fisiológicas, sistemas de producción y patología 
300 |a 157 p 
942 |c BK 
945 |d 20030117 00:00:00  |a cmena 
260 |a Madrid  |b Mundi-Prensa  |c 2000 
650 7 |a CARACOLES  |2 CL-VaPUC  |9 331690 
650 7 |a MOLUSCOS BIVALVOS  |2 CL-VaPUC  |9 435136 
650 7 |a HELICICULTURA  |2 CL-VaPUC  |9 473877 
650 0 |a Producción industrial  |9 307907 
583 |a last modification  |c 20030117 00:00:00  |k Rodrigo Vera 
999 |c 302637  |d 302635 
952 |0 0  |1 0  |4 0  |6 639_483800000000000_CUE_2000  |7 0  |8 A  |9 363331  |a BIBAGR  |b BIBAGR  |d 2019-11-21  |i 3857026  |o 639.4838 CUE 2000  |p 3857026  |r 2025-01-20  |w 2019-11-21  |y BK  |k AGR